انقلاب و انتخاب کلام : (Record no. 193737)

MARC details
000 -LEADER
fixed length control field 00706nam a22001937a 4500
005 - DATE AND TIME OF LATEST TRANSACTION
control field 20221114120250.0
010 ## - LCCN (DPL NO)
LC control number UR-11761
020 ## - INTERNATIONAL STANDARD BOOK NUMBER
International Standard Book Number 9789392496301
Terms of availability 300.00
035 ## - SYSTEM CONTROL NUMBER
System control number U-10316
037 ## - SOURCE OF ACQUISITION
Source of stock number/acquisition DBAD/PUB
Stock number -
082 ## - DEWEY DECIMAL CLASSIFICATION NUMBER
Classification number 841
100 ## - MAIN ENTRY--PERSONAL NAME
Personal name رام داس پریمی انسان
245 ## - TITLE STATEMENT
Title انقلاب و انتخاب کلام :
Remainder of title (مجموعہ کلام) /
Statement of responsibility, etc رام داس پریمی انسان
Medium ا ر د و
246 ## - VARYING FORM OF TITLE
Title proper/short title Inqalaab-o-intekhaab-e-kalaam /
Remainder of title by Ramdas Premi Insaan
260 ## - PUBLICATION, DISTRIBUTION, ETC. (IMPRINT)
Place of publication, distribution, etc New Delhi
Name of publisher, distributor, etc Educational Publishing House
Date of publication, distribution, etc 2021 ء
270 ## - ADDRESS
Address H.O. D1/16, Ansari Road, Daryaganj
City New Delhi
Postal code 110002
300 ## - PHYSICAL DESCRIPTION
Extent 212 ص
Dimensions 23cm(Hb)
942 ## - ADDED ENTRY ELEMENTS (KOHA)
Source of classification or shelving scheme Dewey Decimal Classification
Item type Urdu Bks
Classification part 841
Call number suffix ر ا م
Holdings
Withdrawn status Lost status Not for loan Collection code Home library Current library Date acquired Source of acquisition Cost, normal purchase price Full call number Barcode Copy number Cost, replacement price Koha item type
      Non-fiction Central Library Central Library 14/11/2022 DBAD/PUB 300.00 841 ر ا م U-10316 1 300.00 Urdu Bks

© Delhi Public Library
Hit Counter
free hit counter